Normal view
MARC view
- تاليف بولتون، اليزابيت، م.مشارك كودوين، ديانا؛ ترجمة التكريتي، وديع ياسين، ترجمة حديث، مازن عبد الرحمن
Entry Personal Name
001 - CONTROL NUMBER
- control field: 7702
003 - CONTROL NUMBER IDENTIFIER
- control field: JO-AjAnu
005 - DATE AND TIME OF LATEST TRANSACTION
- control field: 20230606071538.0
008 - FIXED-LENGTH DATA ELEMENTS
- fixed length control field: 230606|| aca||aabn | a|a d
040 ## - CATALOGING SOURCE
- Original cataloging agency: JO-AjAnu
- Transcribing agency: JO-AjAnu
100 ## - HEADING--PERSONAL NAME
- Personal name: تاليف بولتون، اليزابيت، م.مشارك كودوين، ديانا؛ ترجمة التكريتي، وديع ياسين، ترجمة حديث، مازن عبد الرحمن
670 ## - SOURCE DATA FOUND
- Source citation: Work cat.: (JO-AjAnu)3982: تاليف بولتون، اليزابيت، م.مشارك كودوين، ديانا؛ ترجمة التكريتي، وديع ياسين، ترجمة حديث، مازن عبد الرحمن, author, المدخل الى التمرينات العلاجية في حوض السياحة